Statistiques concernant Personnages Mario Kart par image #1

Cliquez ici pour prendre le quiz!

Statistiques générales

  • Ce quiz a été pris 784 fois
    (725 depuis la dernière actualisation)
  • Le résultat moyen est 17 sur 21

Statistiques - réponses

Réponse% Correct
Mario
100%
Luigi
99%
Bowser
98%
Peach
98%
Wario
98%
Toad
97%
Yoshi
97%
Donkey Kong
95%
Waluigi
94%
Daisy
92%
Roi Boo
91%
Toadette
91%
Koopa
85%
Rosalina
84%
Bowser Jr.
80%
Maskache
66%
Skelex
63%
Peach Chat
56%
Larry
42%
Ludwig
42%
Lemmy
35%

Distribution des résultats

Percentile par nombre de réponses

% des personnes avec chaque résultat

Votre développement - résultats

Vous n’avez pas pris ce quiz depuis la dernière actualisation